Material flow analysis of carbon and material flow cost analysis in a selected oil palm plantation and palm oil mill /
محفوظ في:
| المؤلف الرئيسي: | |
|---|---|
| التنسيق: | أطروحة كتاب |
| اللغة: | English |
| منشور في: |
2015
|
| الموضوعات: | |
| الوصول للمادة أونلاين: | http://studentsrepo.um.edu.my/id/eprint/7299 |
| الوسوم: |
إضافة وسم
لا توجد وسوم, كن أول من يضع وسما على هذه التسجيلة!
|
| LEADER | 01340cam a2200325 i 4500 | ||
|---|---|---|---|
| 001 | u1031771 | ||
| 003 | SIRSI | ||
| 005 | 201604281724 | ||
| 008 | 160428s2015 my a m 000 0 eng | ||
| 040 | |a UMM |e rda | ||
| 090 | |a QH302 |b UM 2015 Muhhmz | ||
| 100 | 0 | |a Muhamad Hariz Mohd Zain, |e author | |
| 245 | 1 | 0 | |a Material flow analysis of carbon and material flow cost analysis in a selected oil palm plantation and palm oil mill / |c Muhamad Hariz bin Mohd Zain |
| 264 | 1 | |c 2015 | |
| 264 | 4 | |c 2015 | |
| 300 | |a xvi, 154 leaves: |b illustrations ; |c 30 cm | ||
| 336 | |a text |2 rdacontent | ||
| 337 | |a unmediated |2 rdamedia | ||
| 338 | |a volume |2 rdacarrier | ||
| 502 | |b M.Sc |c Institute of Biological Sciences, Faculty of Science, University Malaya |d 2015 | ||
| 504 | |a Bibliography: leaves 147-153 | ||
| 530 | |a Issued also in CD | ||
| 650 | 0 | |a Carbon cycle (Biogeochemistry) |x Research |z Malaysia | |
| 650 | 0 | |a Carbon dioxide mitigation | |
| 710 | 2 | |a Universiti Malaya. |b Fakulti Sains, |e degree granting institution. | |
| 856 | 4 | 1 | |u http://studentsrepo.um.edu.my/id/eprint/7299 |
| 900 | |a NSR | ||
| 596 | |a 1 25 | ||
| 999 | |a QH302 UM 2015 MUHHMZ |w LC |c 1 |i A516409661 |d 24/5/2016 |f 24/5/2016 |g 1 |l STACKS |m P01UTAMA |r Y |s Y |t TESIS |u 24/5/2016 |1 STEM |o .STAFF. | ||
| 999 | |a QH302 UM 2015 MUHHMZ |w LC |c 1 |i A513060225 |l STACKS |m P25UMARCHI |r Y |s Y |t CD |u 8/1/2018 |1 STEM | ||
